Changes in women's employment during the war, (Record no. 36489)

MARC details
000 -LEADER
fixed length control field 00887cam a22002411 4500
001 - CONTROL NUMBER
control field l 45000013
003 - CONTROL NUMBER IDENTIFIER
control field DLC
005 - DATE AND TIME OF LATEST TRANSACTION
control field 20260227111539.0
008 - FIXED-LENGTH DATA ELEMENTS--GENERAL INFORMATION
fixed length control field 820317s1944 xx f000 0 eng c
010 ## - LIBRARY OF CONGRESS CONTROL NUMBER
LC control number l 45000013
035 ## - SYSTEM CONTROL NUMBER
System control number (OCoLC)8249790
040 ## - CATALOGING SOURCE
Original cataloging agency U.S. Dept. of Labor Libr.
Transcribing agency OGK
Modifying agency OGK
-- DLC
050 00 - LIBRARY OF CONGRESS CALL NUMBER
Classification number HD6093
Item number .A355 no. 20
082 ## - DEWEY DECIMAL CLASSIFICATION NUMBER
Classification number 331.4 s
100 1# - MAIN ENTRY--PERSONAL NAME
Personal name Pidgeon, Mary Elizabeth.
245 10 - TITLE STATEMENT
Title Changes in women's employment during the war,
Statement of responsibility, etc. by Mary Elizabeth Pidgeon.
260 ## - PUBLICATION, DISTRIBUTION, ETC.
Place of publication, distribution, etc. Washington,
Name of publisher, distributor, etc. U.S. Govt. Print. Off.,
Date of publication, distribution, etc. 1944.
300 ## - PHYSICAL DESCRIPTION
Extent vi, 29 p. incl. tables.
Dimensions 23 cm.
490 0# - SERIES STATEMENT
Series statement U.S. Women's Bureau. Special bulletin,
Volume/sequential designation no. 20
500 ## - GENERAL NOTE
General note At head of title: United States Dept. of Labor, Frances Perkins, secretary. Women's Bureau, Mary Anderson, director.
650 #0 - SUBJECT ADDED ENTRY--TOPICAL TERM
Topical term or geographic name entry element Women
General subdivision Employment
Geographic subdivision United States.
650 #0 - SUBJECT ADDED ENTRY--TOPICAL TERM
Topical term or geographic name entry element World War, 1939-1945
General subdivision Women.

No items available.

Powered by Koha